| 000 | 01154nam a2200373 4500 | ||
|---|---|---|---|
| 001 | 22836 | ||
| 003 | SK-KTurca | ||
| 005 | 20260429113855.0 | ||
| 008 | 190418s2018 xo d 000 jdslo d | ||
| 020 |
_a9788056902066 _q(viazané) |
||
| 035 | _aa000636399 | ||
| 040 |
_aTOTK _bslo _dUKB _erda |
||
| 041 | 0 | _aslo | |
| 044 |
_axo _cSK |
||
| 072 | 7 |
_a821.162.4-3 _xSlovenská próza _2konspekt |
|
| 080 |
_a821.162.4-32 _22011 |
||
| 080 |
_a(0:82-321.5) _22011 |
||
| 100 | 1 |
_aHlavatá, Dana, _d1957- _4aut |
|
| 245 | 1 | 0 |
_aNervy v kýbli _cDana Hlavatá |
| 250 | _a1. vydanie | ||
| 264 | 1 |
_aBratislava _bMarenčin PT _c2018 |
|
| 300 |
_a189 strán _c21cm |
||
| 336 |
_atext _btxt _2rdacontent |
||
| 337 |
_abez média _bn _2rdamedia |
||
| 338 |
_azväzok _bnc _2rdacarrier |
||
| 500 | _aObsahuje biografické údaje o autorke na prebale publikácie | ||
| 530 | _aDostupný aj zvukový záznam | ||
| 655 | 7 |
_aslovenské príbehy _2UKBPH |
|
| 655 | 7 |
_ahumoristické príbehy _2UKBPH |
|
| 776 | 0 |
_tNervy v kýbli _i[zvukový záznam] |
|
| 942 |
_2ddc _cKLDO _n0 |
||
| 980 | _aMarenčin PT, spol. s r.o., Jelenia 6, 811 05 Bratislava 1 | ||
| 982 | _aKL | ||
| 999 |
_c22836 _d22836 |
||